Gerberto: el papa del año mil
Tallennettuna:
| Päätekijä: | |
|---|---|
| Aineistotyyppi: | Kirja |
| Kieli: | espanja |
| Julkaistu: |
Madrid
Narea
1990
|
| Aiheet: | |
| Tagit: |
Lisää tagi
Ei tageja, Lisää ensimmäinen tagi!
|
MARC
| LEADER | 00000nam a2200000 a 4500 | ||
|---|---|---|---|
| 001 | UCS2353 | ||
| 003 | CL-VaPUC | ||
| 008 | 970523e19900000SP |||||||||||||||||spa|d | ||
| 082 | 0 | 4 | |a 920 |b RIC |2 21 |
| 100 | 0 | |a Riche, Pierre |e author |9 387707 | |
| 245 | 1 | 0 | |a Gerberto: el papa del año mil |
| 300 | |a 250 p | ||
| 942 | |c BK | ||
| 945 | |d 19970523 00:00:00 |a amoreno | ||
| 260 | |a Madrid |b Narea |c 1990 | ||
| 650 | 0 | |a Biografías |9 255210 | |
| 650 | 0 | |a Religión |9 255164 | |
| 650 | 0 | |a Eclesiología |9 366152 | |
| 650 | 0 | |a Filosofía de la religión |9 256017 | |
| 583 | |a last modification |c 20150114 09:15:54 |k Rodrigo Vera | ||
| 999 | |c 260323 |d 260321 | ||
| 952 | |0 0 |1 0 |4 0 |6 920_000000000000000_RIC_1990 |7 0 |8 A |9 286321 |a BIBHIS |b BIBHIS |d 2019-11-19 |i 3308340 |o 920 RIC 1990 |p 3308340 |r 2023-01-25 |w 2019-11-19 |y BK |k HIS | ||